[Event "34th Chess Olympiad (women)"]
[Site "Istanbul"]
[Date "2000.11.09"]
[Round "12.25.1"]
[White "Cast, Abigail"]
[Black "Hamid, Rani"]
[WhiteElo "2114"]
[BlackElo "2106"]
[WhiteCountry "WLS"]
[BlackCountry "BAN"]
[Result "0-1"]

1. d4 Nf6 2. Nf3 e6 3. Bg5 d5 4. e3 Nbd7 5. Nbd2 c6 6. c3 Be7 7. Bd3 h6 
8. Bh4 O-O 9. O-O b6 10. Re1 c5 11. a4 Bb7 12. Qc2 c4 13. Bf1 Rc8 14. b3 cxb3 
15. Qxb3 Qc7 16. Rec1 Bd6 17. Bg3 Bxg3 18. hxg3 e5 19. c4 exd4 20. exd4 dxc4 
21. Bxc4 Qd6 22. a5 Bd5 23. axb6 axb6 24. Rcb1 Bxc4 25. Nxc4 Qd5 26. Ncd2 Qxb3 
27. Rxb3 Rc2 28. Ra7 Rd8 29. Rb1 g5 30. Rd1 Re8 31. Kf1 Rec8 32. Rb7 R2c7 
33. Rxc7 Rxc7 34. Ne1 Nd5 35. Rb1 Nc3 36. Rc1 Nf6 37. Nb1 Nfd5 38. Nxc3 Rxc3 
39. Rxc3 Nxc3 40. Nc2 Kf8 41. Ke1 Ke7 42. Kd2 Ne4+ 43. Ke3 Nf6 44. Kd3 Kd6 
45. Ne3 Ke6 46. Kc4 h5 47. f3 g4 48. f4 Ne4 49. d5+ Kf6 50. Nf1 Nd6+ 
51. Kd4 Nf5+ 52. Kd3 Ke7 53. Ke4 Nd6+ 54. Kd4 Kf6 55. Kd3 Ke7 56. Kd4 f6 
57. Ne3 Kd7 58. Nf1 Kc7 59. Kc3 Nf5 60. Kd3 Kd6 61. Ke4 Ne7 62. Ne3 Kc5 
63. Nd1 Nxd5 64. Kf5 Kd4 65. Kg6 Ke4 66. Kxh5 f5 67. Kg5 b5 68. Nf2+ Ke3 
69. Nd1+ Ke2 70. Kxf5 Kxd1 71. Ke6 Ne3 72. Ke5 
0-1

[Event "34th Chess Olympiad (women)"]
[Site "Istanbul"]
[Date "2000.11.09"]
[Round "12.25.2"]
[White "Sultana, Zakia"]
[Black "Evans-Quek, Deborah"]
[WhiteElo "2044"]
[BlackElo "2150"]
[WhiteCountry "BAN"]
[BlackCountry "WLS"]
[Result "1-0"]

1. d4 d5 2. Nf3 Nf6 3. e3 a6 4. Bd3 c5 5. b3 Nc6 6. a3 cxd4 7. exd4 Bg4 
8. Bb2 e6 9. O-O Ne4 10. Re1 f5 11. c4 Bd6 12. h3 O-O 13. cxd5 exd5 
14. Be2 Bxf3 15. Bxf3 Qh4 16. Qc2 Nxf2 17. Bxd5+ Kh8 18. Nd2 Qg3 19. Kf1 Nd3 
20. Nf3 Nxe1 21. Rxe1 Rac8 22. Qe2 h6 23. Be6 Rce8 24. d5 Nd8 25. Qd2 f4 
26. Qd4 Be7 27. Qb6 Bf6 28. Bxf6 Rxf6 29. Re2 Kh7 30. Bf5+ Rxf5 31. Rxe8 Nf7 
32. Qe6 Rf6 33. Qc8 Rg6 34. Qc2 Ng5 35. Ne5 
1-0

[Event "34th Chess Olympiad (women)"]
[Site "Istanbul"]
[Date "2000.11.09"]
[Round "12.25.3"]
[White "Powell, Annie"]
[Black "Khan, Nazrana"]
[WhiteElo "2000"]
[BlackElo "2000"]
[WhiteCountry "WLS"]
[BlackCountry "BAN"]
[Result "0-1"]

1. e4 c5 2. Nf3 d6 3. d4 cxd4 4. Nxd4 Nc6 5. Nc3 e5 6. Nb3 Nf6 7. Bg5 Be7 
8. Bxf6 Bxf6 9. Be2 a6 10. O-O Be6 11. g3 Qc7 12. Bf3 O-O 13. Bg2 Rac8 
14. h4 Rfd8 15. Rc1 Na5 16. Nxa5 Qxa5 17. Qf3 Be7 18. Rfd1 Rc5 19. Kh2 b5 
20. a3 b4 21. axb4 Qxb4 22. Rb1 a5 23. Bh3 Qb7 24. Rd2 Rb8 25. Na4 Rc4 
26. Nc3 Bf8 27. b3 Rc6 28. Na4 Bxh3 29. Kxh3 Qc8+ 30. Kg2 Rxc2 31. Qe2 Rxd2 
32. Qxd2 Rb4 33. Qd3 Qc6 34. f3 Rd4 35. Qc3 Qb5 36. Qc2 g6 37. Rd1 Bh6 
38. Nc3 Qc5 39. Rd3 Bc1 40. Kh3 Ba3 41. Re3 Kf8 42. Kg2 Rb4 43. Rd3 a4 
44. Qa2 Rxb3 45. Nxa4 Rxd3 46. Nxc5 dxc5 47. Kf2 Bb4 48. Qa8+ Kg7 49. Qb8 Bc3 
50. Qb5 Bd4+ 51. Ke2 Re3+ 52. Kd2 Rxf3 53. g4 Rf4 54. g5 Rxh4 55. Qc6 Rf4 
56. Kd3 h5 57. gxh6+ Kxh6 58. Qd7 Kg7 59. Qc6 Rf6 60. Qb7 Rf3+ 61. Kc4 Rc3+ 
62. Kd5 Rc1 63. Kd6 c4 64. Qc6 c3 65. Ke7 Rf1 66. Qc8 Rf2 
0-1

[Event "34th Chess Olympiad (women)"]
[Site "Istanbul"]
[Date "2000.11.09"]
[Round "12.26.1"]
[White "Cinak, Nilufer"]
[Black "Leite, Catarina"]
[WhiteElo "2057"]
[BlackElo "2089"]
[WhiteCountry "TURA"]
[BlackCountry "POR"]
[Result "0-1"]

1. e4 e5 2. Nf3 Nc6 3. Bb5 a6 4. Ba4 Nf6 5. d3 b5 6. Bb3 d6 7. c3 Be7 
8. Qe2 O-O 9. Nbd2 Be6 10. Bc2 d5 11. O-O dxe4 12. dxe4 Bc5 13. a4 Nh5 
14. Rd1 Nf4 15. Qf1 Qf6 16. Kh1 Bg4 17. Re1 Ne7 18. Ng1 Neg6 19. g3 Nh5 
20. f3 Bd7 21. Nb3 Bb6 22. Be3 Bxe3 23. Rxe3 Qb6 24. Rd3 bxa4 25. Rxd7 axb3 
26. Bd3 Nf6 27. Rd5 Nxd5 28. exd5 a5 29. Bb5 Rfd8 30. c4 Qd4 31. Qc1 e4 
32. f4 h5 33. Ne2 Qd3 34. Nc3 Qf3+ 35. Kg1 h4 36. Qf1 hxg3 37. Qxf3 gxh2+ 
38. Kxh2 exf3 39. Kg3 f2 40. Rf1 Ne7 41. Rxf2 Nf5+ 42. Kg4 Nd6 43. Bc6 Nxc4 
44. Bxa8 Rxa8 45. Nb5 a4 46. Nxc7 Rd8 47. Kf3 Rd7 48. Nb5 Rxd5 49. Nc7 Rc5 
50. Na6 Ra5 51. Nb4 a3 
0-1

[Event "34th Chess Olympiad (women)"]
[Site "Istanbul"]
[Date "2000.11.09"]
[Round "12.26.2"]
[White "Carvalho, Alda"]
[Black "Cavusoglu, Yildiz"]
[WhiteElo "2063"]
[BlackElo "2000"]
[WhiteCountry "POR"]
[BlackCountry "TURA"]
[Result "0-1"]

1. e4 e5 2. Nf3 Nf6 3. Nc3 Nc6 4. Bb5 Bb4 5. O-O O-O 6. d3 d6 7. Bg5 Bxc3 
8. bxc3 Qe7 9. d4 Nd8 10. d5 b6 11. Qe2 a5 12. Nd2 h6 13. Bh4 g5 14. Bg3 Ra7 
15. h4 Nb7 16. Bd3 Nc5 17. hxg5 hxg5 18. Qe3 Ng4 19. Qe2 Kg7 20. f3 Nf6 
21. Bf2 Nh5 22. g3 Rh8 23. Kg2 Bh3+ 24. Kg1 Bxf1 25. Nxf1 Qd7 26. Ne3 Qh3 
27. Nf5+ Kf6 28. Qf1 Qxf1+ 29. Bxf1 Raa8 30. Bg2 Ng7 31. Ne3 b5 32. Ng4+ Ke7 
33. Nxe5 dxe5 34. Bxc5+ Kd7 35. Bf1 c6 36. c4 bxc4 37. Bxc4 cxd5 38. exd5 Rab8 
39. Bb3 Rhc8 40. Ba4+ Kd8 41. Be3 f6 42. g4 Ne8 43. Bb3 Nd6 44. Re1 Nc4 
45. Kf2 Rb4 46. a4 Rb7 47. Ke2 Nxe3 48. Kxe3 Rc3+ 49. Ke2 Rh7 50. Rf1 Rh3 
51. Rf2 Kd7 52. Rf1 Rh2+ 53. Rf2 Rh3 54. Rf1 Kd6 55. Rf2 Kc5 56. Rf1 Kd6 
57. Rf2 Rc7 58. Kd3 Rb7 59. Ke4 Rb4+ 60. Ke3 Rh7 61. Rf1 Rh3 62. Ke2 Rf4 
63. Rf2 Rg3 64. Rf1 e4 65. fxe4 Rxf1 66. Kxf1 Rxg4 
0-1

[Event "34th Chess Olympiad (women)"]
[Site "Istanbul"]
[Date "2000.11.09"]
[Round "12.26.3"]
[White "Yildiz, Betul"]
[Black "Henriques, Sofia"]
[WhiteElo "2000"]
[BlackElo "2032"]
[WhiteCountry "TURA"]
[BlackCountry "POR"]
[Result "0-1"]

1. d4 d5 2. Nf3 Nf6 3. e3 e6 4. Nbd2 c5 5. c3 Nc6 6. Bd3 Bd6 7. e4 dxe4 
8. Nxe4 Nxe4 9. Bxe4 cxd4 10. Nxd4 Nxd4 11. Qxd4 O-O 12. O-O Qc7 13. g3 f5 
14. Bg2 e5 15. Bd5+ Kh8 16. Qc4 Qe7 17. f4 Bc5+ 18. Kh1 e4 19. Re1 Rf6 
20. Be3 Bxe3 21. Rxe3 Be6 22. Bxe6 Rxe6 23. Rd1 Rd6 24. Rxd6 Qxd6 25. Kg2 Rd8 
26. Kf2 Qd1 27. Re2 Qh1 
0-1

[Event "34th Chess Olympiad (women)"]
[Site "Istanbul"]
[Date "2000.11.09"]
[Round "12.27.1"]
[White "Shabanaj, Eglantina"]
[Black "Klinova, Masha"]
[WhiteElo "2176"]
[BlackElo "2350"]
[WhiteCountry "ALB"]
[BlackCountry "ISR"]
[Result "1/2-1/2"]

1. d4 d6 2. c4 e5 3. dxe5 dxe5 4. Qxd8+ Kxd8 5. Nf3 f6 6. e4 Be6 7. Nc3 c6 
8. Be3 Nd7 9. O-O-O Kc7 10. Be2 Ne7 11. Rd2 Nc8 12. Rhd1 Be7 13. Nh4 g6 
14. g4 Ncb6 15. f4 Rad8 16. b3 Kc8 17. f5 Bf7 18. a4 a5 19. Kc2 Na8 20. Nf3 Nc7 
21. Ne1 Na6 22. Nd3 Ndc5 23. Nxc5 Rxd2+ 24. Rxd2 Bxc5 25. Bxc5 Nxc5 26. Rd6 Nd7 
27. h4 Kc7 28. Rd1 h5 29. g5 fxg5 30. hxg5 Nc5 31. Rh1 Rd8 32. Rd1 Rd4 
33. Bf3 Kd6 34. Bg2 Na6 35. Ne2 Nb4+ 36. Kc1 Rxd1+ 37. Kxd1 Nd3 38. Kd2 Nf4 
39. Bf1 Kc5 40. Nxf4 exf4 41. Kd3 Kd6 42. Bg2 Ke5 43. Bh3 Be8 44. f6 h4 
45. Ke2 b5 46. axb5 cxb5 47. Bd7 h3 48. Kf3 h2 49. Kg2 Bf7 50. cxb5 Bxb3 
51. Be8 Kd6 52. e5+ Ke6 53. Bxg6 a4 54. Kxh2 a3 55. Bb1 a2 56. Bxa2 Bxa2 
57. g6 Bb1 58. f7 Ke7 59. b6 Be4 60. e6 Kf8 61. Kh3 f3 62. Kg3 Bb7 
1/2-1/2

[Event "34th Chess Olympiad (women)"]
[Site "Istanbul"]
[Date "2000.11.09"]
[Round "12.27.2"]
[White "Pitam, Ela"]
[Black "Cima, Rozana"]
[WhiteElo "2323"]
[BlackElo "2055"]
[WhiteCountry "ISR"]
[BlackCountry "ALB"]
[Result "1-0"]

1. c4 e5 2. Nc3 Nc6 3. Nf3 Nf6 4. g3 Be7 5. Bg2 b6 6. O-O Rb8 7. b3 Bb7 
8. Bb2 O-O 9. d4 exd4 10. Nxd4 Nxd4 11. Qxd4 Bxg2 12. Kxg2 Re8 13. Rad1 Bc5 
14. Qd3 Qe7 15. e4 Rbd8 16. f3 c6 17. Rd2 Nh5 18. Kh1 Qg5 19. Rg2 Re6 
20. Bc1 Qf6 21. f4 Qd4 22. Qf3 g6 23. g4 Ng7 24. f5 Ree8 25. Rd1 
1-0

[Event "34th Chess Olympiad (women)"]
[Site "Istanbul"]
[Date "2000.11.09"]
[Round "12.27.3"]
[White "Shabanaj, Alda"]
[Black "Tsifanskaya, Ludmila A"]
[WhiteElo "2000"]
[BlackElo "2220"]
[WhiteCountry "ALB"]
[BlackCountry "ISR"]
[Result "0-1"]

1. d4 Nf6 2. c4 g6 3. Nc3 Bg7 4. e4 d6 5. f4 O-O 6. Nf3 Na6 7. a3 c5 8. d5 Nc7 
9. Bd3 a6 10. Qe2 Bd7 11. O-O e6 12. dxe6 Nxe6 13. Nd5 Nd4 14. Nxd4 cxd4 
15. Bd2 Re8 16. Qf3 Bc6 17. f5 Bxd5 18. cxd5 Nd7 19. fxg6 fxg6 20. Qf7+ Kh8 
21. Bc2 d3 22. Bd1 Qb6+ 23. Qf2 Qxb2 24. Bg4 Rf8 25. Qe1 Rxf1+ 26. Kxf1 Rf8+ 
27. Kg1 Qxa1 28. Re1 Qa1 29. Rxa1 Bxa1 
0-1

[Event "34th Chess Olympiad (women)"]
[Site "Istanbul"]
[Date "2000.11.09"]
[Round "12.28.1"]
[White "Gretarsdottir, Lilja"]
[Black "Sabirova, S"]
[WhiteElo "2000"]
[BlackElo "2131"]
[WhiteCountry "ISL"]
[BlackCountry "KGZ"]
[Result "0-1"]

1. e4 c6 2. d4 g6 3. Nf3 d5 4. Nc3 Bg7 5. exd5 cxd5 6. Bb5+ Nc6 7. O-O Bg4 
8. h3 Bxf3 9. Qxf3 e6 10. Re1 Nge7 11. Bg5 O-O 12. Bxc6 bxc6 13. Bf6 Bxf6 
14. Qxf6 Nf5 15. Qxd8 Rfxd8 16. Ne2 Rab8 17. Rab1 Rdc8 18. c3 Nd6 19. Nf4 Rb6 
20. Nd3 Rcb8 21. Re2 Ne4 22. Rc1 Nd6 23. b3 Kg7 24. Ne5 Rc8 25. c4 Rbb8 
26. cxd5 cxd5 27. Rec2 Rxc2 28. Rxc2 Rb7 29. f3 f6 30. Nc6 Rc7 31. Kf2 Nf5 
32. g4 Ne7 33. Nb4 Rxc2+ 34. Nxc2 Nc6 35. Ke3 g5 36. b4 Kf7 37. a3 Ke7 
38. Ne1 Kd6 39. Nc2 Ne7 40. Kd3 Ng6 41. b5 Nf4+ 42. Kc3 e5 43. Kb4 Ne2 
44. dxe5+ fxe5 45. a4 Nf4 46. Ka5 Kc7 47. Ka6 Kb8 48. Nb4 d4 49. Nc6+ Ka8 
50. Nxa7 Nd5 51. b6 Nb4+ 52. Ka5 d3 53. Nb5 Nd5 54. Ka6 d2 55. b7+ Kb8 
56. Na7 Nb4+ 57. Kb6 d1=Q 
0-1

[Event "34th Chess Olympiad (women)"]
[Site "Istanbul"]
[Date "2000.11.09"]
[Round "12.28.2"]
[White "Korsakova, Tatiana"]
[Black "Ingolfsdottir, Harpa"]
[WhiteElo "2035"]
[BlackElo "2100"]
[WhiteCountry "KGZ"]
[BlackCountry "ISL"]
[Result "1-0"]

1. d4 Nf6 2. c4 c5 3. e3 cxd4 4. exd4 g6 5. Nc3 Bg7 6. d5 d6 7. Nf3 a6 
8. a4 Nbd7 9. Be2 O-O 10. O-O b6 11. h3 Bb7 12. Be3 Nc5 13. Rc1 a5 14. Nd4 e6 
15. dxe6 fxe6 16. Ndb5 Ne8 17. Bg4 Qe7 18. Re1 Qf6 19. Bxc5 dxc5 20. Bxe6+ Kh8 
21. Qc2 Rd8 22. b3 Nd6 23. Nxd6 Rxd6 24. Bd5 Qxc3 25. Bxb7 Qxc2 26. Rxc2 Rd3 
27. Re7 Rxb3 28. Rce2 Bd4 29. Bf3 Bf6 30. Rb7 Rb4 31. Re6 Bd8 32. Bd5 Rxa4 
33. Rd6 Ra1+ 34. Kh2 Bf6 35. f4 Bd4 36. Rdd7 Bg1+ 37. Kg3 Ra3+ 38. Kg4 h5+ 
39. Kg5 Rf5+ 40. Kh6 
1-0

[Event "34th Chess Olympiad (women)"]
[Site "Istanbul"]
[Date "2000.11.09"]
[Round "12.28.3"]
[White "Kristinsdottir, A"]
[Black "Lim, Greta"]
[WhiteElo "2025"]
[BlackElo "2000"]
[WhiteCountry "ISL"]
[BlackCountry "KGZ"]
[Result "1/2-1/2"]

1. e4 c5 2. Nf3 e6 3. b3 Nc6 4. Bb2 Nf6 5. e5 Nd5 6. Bb5 Be7 7. O-O O-O 
8. Bxc6 dxc6 9. Re1 f5 10. exf6 gxf6 11. d3 Qe8 12. Nc3 Rf7 13. Ne4 e5 
14. Bc1 Bg4 15. Kh1 Qc8 16. Bd2 Qf5 17. Ng3 Bxf3 18. Nxf5 Bxd1 19. Nxe7+ Rxe7 
20. Raxd1 Nb4 21. Bxb4 cxb4 22. Re4 c5 23. f4 Rae8 24. Rde1 Kf7 25. f5 Rc8 
26. Rh4 Kg7 27. h3 Rc6 28. Ra1 Ra6 29. Rc4 Rc7 30. g4 Ra3 31. Kg2 b5 
32. Re4 Rc6 33. h4 h6 34. Kf3 Kf7 35. g5 fxg5 36. hxg5 hxg5 37. Rxe5 Kf6 
38. Rd5 Raa6 39. Rh1 Kg7 40. Ra1 c4 41. Rxb5 cxb3 42. cxb3 Rc3 43. Ke4 Rxb3 
44. axb3 Rxa1 45. Rxb4 Kf6 46. Rb7 Re1+ 47. Kf3 Rf1+ 48. Ke4 Rf4+ 49. Ke3 Rxf5 
50. Rxa7 Rb5 51. Kf3 Rxb3 52. Rd7 Ke5 
1/2-1/2

[Event "34th Chess Olympiad (women)"]
[Site "Istanbul"]
[Date "2000.11.09"]
[Round "12.29.1"]
[White "Lai, Xiaoqing"]
[Black "Belc, Daniela"]
[WhiteElo "2000"]
[BlackElo "2073"]
[WhiteCountry "JPN"]
[BlackCountry "CAN"]
[Result "0-1"]

1. d4 d5 2. Nf3 Nf6 3. Bg5 Ne4 4. Bf4 c5 5. e3 Qb6 6. Qc1 Nc6 7. c3 Bf5 
8. Be2 e6 9. Nh4 g5 10. Nxf5 exf5 11. Be5 Nxe5 12. dxe5 c4 13. f3 Nc5 
14. O-O Bg7 15. Qd2 O-O 16. Kh1 Rad8 17. f4 Ne4 18. Qe1 Qxb2 19. Bf3 Qxa1 
20. Qe2 gxf4 21. Qc2 Bxe5 22. exf4 Bg7 23. Rc1 Nxc3 24. Nxc3 Qxc3 25. Qxc3 Bxc3 
26. Rxc3 Rfe8 27. h3 b5 28. a3 Re1+ 29. Kh2 d4 30. Rc2 d3 31. Rb2 d2 
0-1

[Event "34th Chess Olympiad (women)"]
[Site "Istanbul"]
[Date "2000.11.09"]
[Round "12.29.2"]
[White "Bryskine, Marina"]
[Black "Nakagawa, Emiko"]
[WhiteElo "2200"]
[BlackElo "2000"]
[WhiteCountry "CAN"]
[BlackCountry "JPN"]
[Result "1/2-1/2"]

1. e4 c6 2. d4 d5 3. exd5 cxd5 4. Bd3 Nc6 5. c3 Nf6 6. h3 g6 7. Nf3 Bg7 
8. O-O O-O 9. Re1 Qc7 10. Nbd2 a6 11. a4 Re8 12. Nb3 b6 13. Qe2 Bb7 14. Ne5 e6 
15. Nxc6 Qxc6 16. Nd2 Nd7 17. Qf1 e5 18. Nb3 e4 19. Be2 Nf6 20. Bf4 Qd7 
21. a5 b5 22. Nc5 Qc6 23. Nxb7 Qxb7 24. Be5 Nd7 25. Bxg7 Kxg7 26. Bd1 Nf6 
27. Qe2 Qd7 28. Qe3 Qf5 29. g4 Qe6 30. g5 Nd7 31. Bg4 Qe7 32. Qg3 f5 
33. gxf6+ Nxf6 34. Bd1 Qd7 35. Kg2 Re7 36. Re3 Rf7 37. f3 Qf5 38. Qe5 Re8 
39. Qxf5 gxf5 40. fxe4 
1/2-1/2

[Event "34th Chess Olympiad (women)"]
[Site "Istanbul"]
[Date "2000.11.09"]
[Round "12.29.3"]
[White "Matsuo, Akemi"]
[Black "Chu, Stefanie"]
[WhiteElo "2000"]
[BlackElo "2020"]
[WhiteCountry "JPN"]
[BlackCountry "CAN"]
[Result "0-1"]

1. e4 c5 2. Nf3 d6 3. d4 cxd4 4. Nxd4 Nf6 5. Nc3 a6 6. Be3 Ng4 7. Qd2 Nxe3 
8. Qxe3 g6 9. f3 Bg7 10. O-O-O Nd7 11. h4 h5 12. Kb1 Ne5 13. Qf2 Qb6 14. Be2 e6 
15. g3 Nc6 16. Qg2 Nxd4 17. Rd3 Nxe2 18. Qxe2 Bd7 19. Qd2 Ke7 20. Rd1 Bc6 
21. Rxd6 Rad8 22. f4 Bxc3 23. Qxc3 Rxd6 24. Qe1 Rxd1+ 25. Qxd1 Rd8 26. Qe1 Qd4 
27. Qc1 Qd1 28. b3 Bxe4 29. a4 Bxc2+ 30. Kb2 Qxc1+ 31. Kxc1 Bxb3 32. Kb2 Bxa4 
33. Ka3 b5 34. Kb4 Rd4+ 35. Ka5 Rd3 36. Kxa6 b4 37. Ka5 b3 38. Kxa4 b2 
0-1

[Event "34th Chess Olympiad (women)"]
[Site "Istanbul"]
[Date "2000.11.09"]
[Round "12.30.1"]
[White "Agosto, Erika"]
[Black "Sultan, Hoda"]
[WhiteElo "2036"]
[BlackElo "2000"]
[WhiteCountry "ITA"]
[BlackCountry "UAE"]
[Result "1-0"]

1. e4 e5 2. Nf3 Nc6 3. Bc4 Nf6 4. d3 Bc5 5. c3 d6 6. Nbd2 a6 7. Bb3 O-O 
8. O-O Bg4 9. Re1 Qd7 10. Nf1 Rad8 11. Be3 h6 12. h3 Bh5 13. Ng3 Bg6 
14. Nh4 Bh7 15. Qf3 Bxe3 16. Qxe3 Ne7 17. d4 exd4 18. cxd4 Rfe8 19. Qf3 g5 
20. Qxf6 
1-0

[Event "34th Chess Olympiad (women)"]
[Site "Istanbul"]
[Date "2000.11.09"]
[Round "12.30.2"]
[White "Hassan, Amina"]
[Black "Sirletti, Sonia"]
[WhiteElo "2000"]
[BlackElo "2000"]
[WhiteCountry "UAE"]
[BlackCountry "ITA"]
[Result "1/2-1/2"]

1. e4 d6 2. d4 Nf6 3. Nc3 g6 4. Bg5 Bg7 5. e5 dxe5 6. dxe5 Qxd1+ 7. Rxd1 Ng8 
8. Nf3 c6 9. h3 Bf5 10. Bd3 Nh6 11. g4 Be6 12. Nd4 Nd7 13. Nxe6 fxe6 14. f4 Nb6 
15. Ne4 Nf7 16. Bh4 Nd5 17. Bg3 g5 18. Nxg5 Nxg5 19. fxg5 O-O 20. Bc4 Rf3 
21. Rd3 Raf8 22. Bxd5 exd5 23. Ke2 Rxd3 24. cxd3 e6 25. Rf1 Rxf1 26. Kxf1 Kf7 
27. Ke2 Bf8 28. Bf2 a6 29. Bb6 Ke8 30. d4 Kd7 31. Ke3 Bb4 32. h4 Be7 33. a3 Ke8 
34. Kf4 Kf7 35. Ke3 
1/2-1/2

[Event "34th Chess Olympiad (women)"]
[Site "Istanbul"]
[Date "2000.11.09"]
[Round "12.30.3"]
[White "Arnetta, Maria"]
[Black "Hussain, Noora"]
[WhiteElo "2000"]
[BlackElo "2000"]
[WhiteCountry "ITA"]
[BlackCountry "UAE"]
[Result "1/2-1/2"]

1. e4 e5 2. Nf3 Nc6 3. Bc4 Nf6 4. d3 Bc5 5. c3 d6 6. Nbd2 a6 7. Bb3 h6 
8. Nf1 Ba7 9. Ne3 Ne7 10. O-O O-O 11. Bc2 Ng6 12. d4 exd4 13. cxd4 Re8 
14. e5 dxe5 15. Bxg6 fxg6 16. dxe5 Qxd1 17. Rxd1 Ng4 18. Nxg4 Bxg4 19. Bf4 g5 
20. Bg3 Rad8 21. Kf1 Bxf3 22. gxf3 Bd4 23. Rac1 c5 24. e6 
1/2-1/2

[Event "34th Chess Olympiad (women)"]
[Site "Istanbul"]
[Date "2000.11.09"]
[Round "12.31.1"]
[White "Lim, Jean Nie"]
[Black "Rutherford, Elaine"]
[WhiteElo "2168"]
[BlackElo "2050"]
[WhiteCountry "MAS"]
[BlackCountry "SCO"]
[Result "1/2-1/2"]

1. e4 c5 2. c3 d5 3. exd5 Qxd5 4. d4 Nc6 5. Nf3 cxd4 6. Nxd4 Nxd4 7. cxd4 Bd7 
8. Nc3 Qa5 9. Be2 e6 10. O-O Nf6 11. Bf3 Qb6 12. d5 Be7 13. Qe2 O-O 
14. Bf4 Rac8 15. Rfd1 Bb4 16. dxe6 Bxe6 17. Nd5 Nxd5 18. Bxd5 Bxd5 
19. Rxd5 Rfe8 20. Qd3 Bc5 21. Qd2 Bb4 22. Qd3 Qf6 23. Qd4 Qxd4 24. Rxd4 Bc5 
25. Rd2 Re4 26. Bg3 h5 27. h4 Bb6 28. Rad1 g6 29. Kh2 Rce8 30. Rd7 R8e7 
31. f3 Re2 32. Rxe7 Rxe7 33. Rd2 Kg7 34. Bd6 Re1 35. Bb4 Bc7+ 36. g3 Be5 
37. Kg2 Rb1 38. b3 Rb2 39. Rxb2 Bxb2 40. Kf2 Be5 41. g4 Bf4 42. Bc5 a6 
43. Be3 Be5 44. Bd2 Kf6 45. a4 Ke6 46. Be1 Bf4 47. Ke2 Ke5 48. Kd3 Bh2 
49. Ba5 Kd5 50. Be1 Bg1 51. Kc3 Be3 52. Kd3 Bf4 53. Bf2 Bc7 54. Be1 Bb6 
55. Bg3 Bd4 56. Be1 Bg7 57. Ke3 Be5 58. Kd3 Bb2 59. Bf2 Be5 60. Be1 Bd4 
61. Bg3 f5 62. gxh5 gxh5 63. Bc7 Bf6 64. Bg3 Be5 65. Bxe5 Kxe5 66. Ke3 a5 
67. f4+ Kd5 68. Kd3 b6 69. Ke3 Kc5 70. Kd3 Kb4 71. Kd4 Kxb3 72. Ke5 Kxa4 
73. Kxf5 b5 74. Kg5 b4 75. f5 b3 76. f6 b2 77. f7 b1=Q 78. f8=Q Qb4 
79. Qf3 Qc5+ 80. Kg6 Kb4 81. Qe4+ Kb3 82. Qb1+ Kc4 83. Qa2+ Kb5 84. Qb2+ Ka6 
85. Qe2+ Qb5 86. Qg2 Qe8+ 87. Kf5 a4 88. Qa2 Qc8+ 89. Ke5 Qc5+ 90. Kf6 a3 
91. Kg6 Ka5 92. Qd2+ Qb4 93. Qd5+ Qb5 94. Qd2+ Kb6 95. Qd8+ Ka7 96. Qe7+ Kb6 
97. Qxa3 Qe8+ 98. Kf6 Qd8+ 99. Qe7 Qd4+ 100. Kg6 Qg4+ 101. Kh6 Kc6 
102. Qe8+ Kd6 
1/2-1/2

[Event "34th Chess Olympiad (women)"]
[Site "Istanbul"]
[Date "2000.11.09"]
[Round "12.31.2"]
[White "Wilman, Carey"]
[Black "Lee, Samantha"]
[WhiteElo "2066"]
[BlackElo "2000"]
[WhiteCountry "SCO"]
[BlackCountry "MAS"]
[Result "1-0"]

1. d4 Nf6 2. Nf3 g6 3. c4 Bg7 4. Nc3 d6 5. e4 Nbd7 6. Be2 O-O 7. O-O Re8 
8. e5 dxe5 9. dxe5 Ng4 10. e6 Nde5 11. Nxe5 Nxe5 12. exf7+ Nxf7 13. Qb3 e6 
14. Be3 Qe7 15. Rad1 Kh8 16. Ne4 b6 17. Qb5 c6 18. Qb3 e5 19. c5 b5 20. Nd6 Be6 
21. Qa3 Red8 22. Bf3 Nxd6 23. cxd6 Qd7 24. Qa6 Rdc8 25. b3 Bf5 26. Rfe1 Rab8 
27. Qxa7 Ra8 28. Qc5 Rxa2 29. Rc1 e4 30. Bd4 exf3 31. Re7 Qd8 32. Rxg7 Qg5 
33. Rxg6+ 
1-0

[Event "34th Chess Olympiad (women)"]
[Site "Istanbul"]
[Date "2000.11.09"]
[Round "12.31.3"]
[White "Siti, Zulaikha"]
[Black "Lang, Heather"]
[WhiteElo "2000"]
[BlackElo "2064"]
[WhiteCountry "MAS"]
[BlackCountry "SCO"]
[Result "1-0"]

1. e4 e5 2. Nf3 Nc6 3. Bb5 a6 4. Ba4 Nf6 5. O-O b5 6. Bb3 Bb7 7. Re1 Bc5 
8. c3 d6 9. d4 Bb6 10. h3 O-O 11. a4 h6 12. axb5 axb5 13. Rxa8 Qxa8 14. d5 Ne7 
15. Na3 Ba6 16. Nc2 Nd7 17. Ne3 Nc5 18. Bc2 Qd8 19. Nh4 Bc8 20. b4 Nd7 
21. Qd3 Nxd5 22. exd5 Nf6 23. Nef5 e4 24. Qg3 Nh5 25. Qg4 g6 26. Nxh6+ Kg7 
27. Qxe4 Qf6 28. Nf3 Ng3 29. Qd3 Bf5 30. Nxf5+ Qxf5 31. Qxf5 Nxf5 32. Bxf5 gxf5 
33. Be3 Bxe3 34. Rxe3 Ra8 35. Nd4 Ra1+ 36. Kh2 Rd1 37. Nxf5+ Kf6 38. Nd4 Rd2 
39. Kg3 Rd1 40. Kf3 Rh1 41. Nxb5 Kg5 42. Nxc7 f5 43. Ne8 Rd1 44. c4 Rd4 
45. Nxd6 Kh5 46. b5 
1-0

[Event "34th Chess Olympiad (women)"]
[Site "Istanbul"]
[Date "2000.11.09"]
[Round "12.32.1"]
[White "Mahini, Mona"]
[Black "Tamin, Upi"]
[WhiteElo "2018"]
[BlackElo "2240"]
[WhiteCountry "IRI"]
[BlackCountry "INA"]
[Result "0-1"]

1. e4 c5 2. Nf3 d6 3. d4 cxd4 4. Nxd4 Nf6 5. Nc3 a6 6. Bg5 e6 7. f4 Be7 
8. Qf3 Qc7 9. O-O-O Nc6 10. f5 Ne5 11. Qg3 b5 12. a3 Rb8 13. Be2 b4 
14. axb4 Rxb4 15. fxe6 fxe6 16. Rhf1 O-O 17. Bh6 Ng6 18. Be3 Bd7 19. h4 Rfb8 
20. h5 Rxb2 21. Rd3 Ne5 22. Bh6 Nxd3+ 23. Bxd3 Nxh5 24. Qf2 Qxc3 25. Qf7+ Kh8 
26. Nb5 Bxb5 27. Qxe7 Rxc2+ 
0-1

[Event "34th Chess Olympiad (women)"]
[Site "Istanbul"]
[Date "2000.11.09"]
[Round "12.32.2"]
[White "Zakiah, Al"]
[Black "Pourkashiyan, Atousa"]
[WhiteElo "2000"]
[BlackElo "2000"]
[WhiteCountry "INA"]
[BlackCountry "IRI"]
[Result "0-1"]

1. d4 d5 2. c4 e6 3. Nc3 Be7 4. Nf3 Nf6 5. h3 O-O 6. Bf4 a6 7. e3 Nbd7 
8. c5 Re8 9. Be2 Nf8 10. O-O Ng6 11. Bh2 b6 12. b4 Bb7 13. Qb3 Ne4 14. Rac1 f5 
15. Rfd1 b5 16. c6 Bc8 17. a4 bxa4 18. Qxa4 Bd6 19. b5 a5 20. Bxd6 Qxd6 
21. Nxe4 fxe4 22. Nd2 e5 23. dxe5 Qxe5 24. Nb3 Be6 25. Nc5 Nh4 26. Nxe6 Rxe6 
27. Qd4 Qg5 28. g3 Rd6 29. Kh2 Rf8 30. Rf1 Rdf6 31. f4 exf3 32. Qxh4 Qxe3 
33. Bd3 Qd2+ 
0-1

[Event "34th Chess Olympiad (women)"]
[Site "Istanbul"]
[Date "2000.11.09"]
[Round "12.32.3"]
[White "Navabi, Shirin"]
[Black "Lindiawati, Evi"]
[WhiteElo "2007"]
[BlackElo "2000"]
[WhiteCountry "IRI"]
[BlackCountry "INA"]
[Result "1-0"]

1. c4 e5 2. Nc3 Nf6 3. Nf3 Nc6 4. e4 Bc5 5. Nxe5 Bxf2+ 6. Kxf2 Nxe5 7. d4 Ng6 
8. Be2 d6 9. Rf1 Qe7 10. Qd3 c6 11. Kg1 h6 12. b3 Bg4 13. Bxg4 Nxg4 14. h3 Nf6 
15. Ba3 Qd7 16. Rad1 O-O-O 17. b4 Qc7 18. Rb1 Rhe8 19. b5 c5 20. Nd5 Nxd5 
21. cxd5 b6 22. Bb2 Rg8 23. a4 Rde8 24. a5 Qe7 25. axb6 axb6 26. Qa3 f6 
27. Qa8+ Kd7 28. Qc6+ Kd8 29. Ra1 Qd7 30. Qxb6+ Qc7 31. Ra8+ 
1-0

[Event "34th Chess Olympiad (women)"]
[Site "Istanbul"]
[Date "2000.11.09"]
[Round "12.33.1"]
[White "Villegas, Meylin"]
[Black "Ratcu, Tatiana"]
[WhiteElo "2000"]
[BlackElo "2240"]
[WhiteCountry "CRC"]
[BlackCountry "BRA"]
[Result "1/2-1/2"]

1. d4 Nf6 2. c4 e6 3. Nc3 Bb4 4. e3 O-O 5. Bd3 d5 6. Nf3 c5 7. O-O cxd4 
8. exd4 dxc4 9. Bxc4 Nbd7 10. Qe2 Nb6 11. Bb3 Bd7 12. Bg5 Be7 13. Ne5 Rc8 
14. Rfd1 Bc6 15. Nxc6 bxc6 16. Rac1 h6 17. Bh4 Nfd5 18. Bg3 Bg5 19. Nxd5 cxd5 
20. Rxc8 Qxc8 21. Bd6 Rd8 22. Bc5 
1/2-1/2

[Event "34th Chess Olympiad (women)"]
[Site "Istanbul"]
[Date "2000.11.09"]
[Round "12.33.2"]
[White "Delai, Paula"]
[Black "Murioz, Carolina"]
[WhiteElo "2110"]
[BlackElo "2000"]
[WhiteCountry "BRA"]
[BlackCountry "CRC"]
[Result "1/2-1/2"]

1. e4 c5 2. Nf3 Nc6 3. d4 cxd4 4. Nxd4 Nf6 5. Nc3 e6 6. Nxc6 bxc6 7. Bd3 Bb4 
8. Bd2 e5 9. Qe2 O-O 10. O-O Re8 11. a3 Ba5 12. b4 Bc7 13. Na4 d5 14. Nc5 Qd6 
15. Rad1 Nd7 16. Nxd7 Bxd7 17. Be3 d4 18. Bc4 Qg6 19. Bc1 Bh3 20. Qf3 Be6 
21. Bxe6 Qxe6 22. Rd3 Bd6 23. Qh5 a5 24. bxa5 Rxa5 25. Rh3 h6 26. Rg3 Kh7 
27. Rd1 Rea8 28. Rdd3 Bf8 29. Rdf3 R8a7 30. Rb3 Rc5 31. Qe2 Qc4 32. Qxc4 
1/2-1/2